Marvel Or Dc Characters #6 - Statistics

General Stats
  • This quiz has been taken 129 times
  • The average score is 12 of 15
Answer Stats
Question Answer % Correct
Dr Strange Marvel
98%
Raven DC
95%
Harley Quinn DC
93%
Vision Marvel
93%
Beast Boy DC
91%
StarFire DC
88%
Commissioner Gordon DC
88%
Amanda Waller DC
84%
Red Tornado DC
82%
Dr Fate DC
82%
Franklin Richards Marvel
82%
Knull Marvel
79%
Dr Manhattan DC
77%
Rick Jones (Abomb) Marvel
65%
Elaine Belloc DC
42%
No matching quizzes found
Score Distribution
Percent of People with Each Score
Percentile by Number Answered
Your Score History
You have not taken this quiz